000
00306 a2200133 4500
001
125945
040
_c
Escola Canadense de Niteroi
245
1
0
_a
National Geographic: memory why we remember, why we forget
260
_a
USA
362
0
_a
2007
650
4
_a
Magazines
650
4
_a
Memories
942
_c
CR
999
_c
125945
_d
125945